书目信息 |
| 题名: |
工程地质手册
|
|
| 作者: | 化建新 , 郑建国 主编 | |
| 分册: | ||
| 出版信息: | 北京 中国建筑工业出版社 2018.04 |
|
| 页数: | 38, 1386页 | |
| 开本: | 26cm | |
| 丛书名: | ||
| 单 册: | ||
| 中图分类: | P642-62 | |
| 科图分类: | ||
| 主题词: | 工程地质--gong cheng di zhi--手册 | |
| 电子资源: | ||
| ISBN: | 978-7-112-21642-0 | |
| 000 | 01008nam0 2200289 450 | |
| 001 | 0100001770 | |
| 005 | 20191202104719.76 | |
| 010 | @a978-7-112-21642-0@b精装@dCNY218.00 | |
| 100 | @a20180622d2018 em y0chiy50 ea | |
| 101 | 0 | @achi |
| 102 | @aCN@b110000 | |
| 105 | @aak a 001yy | |
| 200 | 1 | @a工程地质手册@Agong cheng di zhi shou ce@f《工程地质手册》编委会 |
| 205 | @a第5版 | |
| 210 | @a北京@c中国建筑工业出版社@d2018.04 | |
| 215 | @a38, 1386页@c图@d26cm | |
| 312 | @a英文题名取自封面 | |
| 314 | @a书内题: 化建新, 郑建国主编 | |
| 320 | @a有书目和索引 | |
| 330 | @a本书主要介绍工程地质和岩土工程的系统资料和数据。内容涉及地质基本知识和岩土分类、工程勘察、岩土测试、地基评价和计算、特殊性土勘察和评价等。 | |
| 510 | 1 | @aGeological engineering handbook@zeng |
| 606 | 0 | @a工程地质@Agong cheng di zhi@j手册 |
| 690 | @aP642-62@v5 | |
| 701 | 0 | @a化建新@Ahua jian xin@4主编 |
| 701 | 0 | @a郑建国@Azheng jian guo@4主编 |
| 801 | 0 | @aCN@c20180910 |
| 905 | @a河南城建学院图书馆@dP642-62@eC290=5 | |
| 工程地质手册/《工程地质手册》编委会.-第5版.-北京:中国建筑工业出版社,2018.04 |
| 38, 1386页:图;26cm |
| ISBN 978-7-112-21642-0(精装):CNY218.00 |
| 本书主要介绍工程地质和岩土工程的系统资料和数据。内容涉及地质基本知识和岩土分类、工程勘察、岩土测试、地基评价和计算、特殊性土勘察和评价等。 |
| ● |
| 相关链接 |
|
|
|
正题名:工程地质手册
索取号:P642-62/C290=5
 
预约/预借
| 序号 | 登录号 | 条形码 | 馆藏地/架位号 | 状态 | 备注 |
| 1 | 1243814 | 212438147 | 自科库401/401自科库 133排2列3层/ [索取号:P642-62/C290=5] | 在馆 | |
| 2 | 1400558 | 214005583 | 期刊室512/401自科库 129排1列3层/ [索取号:P642-62/C290=5] | 在馆 | |
| 3 | 1452703 | 214527038 | 土木与交通工程学院资料室/ [索取号:P642-62/C290=5] | 在馆 |